Responses for show #4365 - Friday, July 18, 2003

Sam Ott game 1.
Last game of Season 19.

Contestants

[<< previous game]

Sam Ott, a graduate student from Los Angeles, California

Loren Duggan, a legislative writer from Takoma Park, Maryland

George Dudley, a G.I.S. technician from Memphis, Tennessee (whose 1-day cash winnings total $14,801)

[next game >>]

Jeopardy! Round responses

TRANSPORTATION
ANNUAL EVENTS
LAKES
LITTLE GREEN MEN
SONGS...JAMES BOND SONGS
PALINDROMIC WORDS
    $200 23
trailer

George
    $200 18
Idaho

George
    $200 1
salt

Sam
    $200 13
Abraham Lincoln

Triple Stumper
    $200 3
"Live and Let Die" (by Paul McCartney & Wings)

Loren
    $200 8
redder

Sam
    $400 24
Zeppelin

Loren
    $400 19
Helen Keller

Sam
    $400 2
(George: What are California and Nevada?)
(Sam: What are California and Arizona?)
(Loren: What are California and Utah?)

Arizona & Nevada

GeorgeLorenSam
Triple Stumper
    $400 14
George Washington

Triple Stumper
    $400 4
Carly Simon

Sam
    $400 9
Civic

George
    $600 25
(George: What is a sea plane?)
(Sam: What is a boat?)
(less than a minute to go, now...)

plane

GeorgeLorenSam
    $600 20
Mount Sinai

Sam
    $600 15
Finger Lakes

George
    $600 28
(George: Who is Lincoln?)
[buzzer sounds to end round]

Andrew Jackson

GeorgeSam
    $600 5
(George: What is "Goldfinger?")

"Thunderball"

George
Triple Stumper
    $600 10
peep

George
    $800 26
Eurailpass

Sam
    $800 21
(Sam: What is ration?)

Daylight Savings Time

Sam
Triple Stumper
    $800 16
(George: What is Lake Tanganyika?)

Lake Albert

George
Triple Stumper
    $800 6
"A View to a Kill"

Sam
    $800 11
(Loren: What is a...)

level

GeorgeLoren
    $1000 27
Queen Mary 2

George
    $1000 22
Carlsbad Caverns

Sam
    $1000 17
Mexico City

Sam
    $1000 7
Sheena Easton ("For Your Eyes Only")

Sam
    $1000 12
rotor

George

Scores at the first commercial break (after clue 14):

George Loren Sam
$1,800 -$1,000 $2,200

Scores at the end of the Jeopardy! Round:

George Loren Sam
$1,800 $0 $5,200

Double Jeopardy! Round responses

THE JUNG & THE RESTLESS
AS THE WORLD BURNS
ONE LEAF TO LIVE
PART: CHARLES
POTIONS
THE "BALD" & THE BEAUTIFUL
(Alex: Obviously, somebody associated with our program doesn't know how to spell!)
    $400 1
Switzerland

Sam
    $400 14
Moses

Sam
    $400 26
(Loren: What is photosynthesis?)
(George: They turn color in the fall.)
[The end-of-round signal sounds.]

change colors

GeorgeLorenSam
    $400 21
Charles Manson

Loren
    $400 2
Big Mac

Sam
    $400 7
bald eagle

Loren
    $800 12
UFOs/flying saucers

Sam
    $800 17
St. Mark's

Triple Stumper
    $800 22
(Loren: Who is Ralph Fienne?)

Ralph Fiennes

Loren
Triple Stumper
    $800 3
V8

Sam
    $800 8
balderdash

Sam
    $1200 13
(Sam: What is the ego?)

sex drive

GeorgeSam
    $1,000 18
Valhalla

Loren
    $1200 23
(Alex: With a minute to go.)

Blithe Spirit

George
    $1200 4
"Love Potion No. 9"

Sam
    $1200 9
Bald Mountain

Loren
    $1600 15
free association

Sam
    $1600 19
acetylene

Triple Stumper
    $1600 24
Jeremy Irons

Triple Stumper
    $1600 5
Dr. Pepper

George
    $1600 10
The Bald Soprano

Triple Stumper
    $2000 16
archetypes

Loren
    $2000 20
(Loren: Who is Mrs. Faversham?)
(George: Who is Mrs. Haversham?)

Miss Havisham

GeorgeLoren
Triple Stumper
    $1,000 25
(George: I'm going to shoot myself.)
(Alex: Give me a name.)
(George: I haven't got one.)

David Ogden Stiers

George
    $2000 6
A1

Sam
    $2000 11
David Baldacci

Loren

Scores at the end of the Double Jeopardy! Round:

George Loren Sam
$2,400 $3,800 $12,800
(lock game)

[wagering suggestions for these scores]

Final Jeopardy! Round responses

PEOPLE IN GOVERNMENT
GeorgeWho is Condaleeza Rice?
$401
LorenWho is Condoleeza Rice
$3,799
SamWho is Condoleeza Rice?
$800
Condoleezza Rice

Final scores:

George Loren Sam
$2,801 $7,599 $13,600
3rd place: $1,000 2nd place: $2,000 New champion: $13,600

Game dynamics:

Coryat scores:

George Loren Sam
$3,400 $4,000 $12,800
11 R,
8 W
(including 1 DD)
9 R
(including 1 DD),
5 W
21 R,
4 W

Combined Coryat: $20,200

The J! Archive is created by fans, for fans. The Jeopardy! game show and all elements thereof, including but not limited to copyright and trademark thereto, are the property of Jeopardy Productions, Inc. and are protected under law. This website is not affiliated with, sponsored by, or operated by Jeopardy Productions, Inc. Join the discussion at JBoard.tv.